• 首页
  • 本馆介绍
  • 公告通知
  • 最新文献
  • 馆藏检索
  • 电子资源
  • 读者导购
  • 参考咨询
  • 我的图书馆
  • 登录
  • 详细信息显示
  • 放入我的书架
  • 预约/预借图书
  • 作者相关作品
  • 分类相关作品
  • 丛书相关作品
  • 出版社相关作品

书目信息

  • 表格格式
  • 工作单格式
  • 卡片格式
题名:
幻灭
    
 
作者: 巴尔扎克 , Balzac , 巴尔扎克 著 ;傅雷 译
分册:  
出版信息: 合肥   安徽文艺出版社  1998
页数: 697页
开本: 20cm
丛书名: 傅译名著系列
单 册:
中图分类: I565.44
科图分类: 47.1352
主题词: 长篇小说--法国--近代
电子资源:
ISBN: 7-5396-1724-1
000 01237nam0 2200385 450
000 01202nam0 2200373 450
000 01165nam0 2200361 450
000 01039nam0 2200349 450
000 01002nam0 2200337 450
000 00912nam2 2200301 45
001 0199032192
005 20061011152217.21
010    @a7-5396-1724-1@dCNY28.60
100    @a19990511d1998 em y0chiy0121 ea
101 1  @achi@cfre
102    @aCN@b340000
105    @af z 000ay
200 10 @a幻灭@Ahuan mie@f(法)巴尔扎克(Honore de Balzac)著@F(fa)ba er zha ke(Honore de Balzac)zhu@g傅雷译
210    @a合肥@c安徽文艺出版社@d1998
215    @a697页@c插图@d20cm
225 2  @a傅译名著系列
300    @a傅敏先生授权出版 据Louis Conard书店全集本,Paris 1949版译出
410  0 @12001 @a傅译名著系列
510 1  @aLes illusions perdues@zfre
606    @a长篇小说@y法国@z近代
690    @aI565.44@v3
692    @a47.1352@v2
701  1 @a巴尔扎克@Aba er zha ke@bH.de@4著
701 A1 @aBalzac@bHonore de@4著
701  0 @a巴尔扎克@Aba er zha ke@bHonoredeBalzac@4著
702  0 @a傅雷@Afu lei@4译
801  0 @aCN@bNLC@c20061011
905    @aBZT@dI565.44@e60
906    @d¥28.60@n0@r1
    
    幻灭/(法)巴尔扎克(Honore de Balzac)著/傅雷译.-合肥:安徽文艺出版社,1998
    697页:插图;20cm.-(傅译名著系列)
    傅敏先生授权出版 据Louis Conard书店全集本,Paris 1949版译出
    
    ISBN 7-5396-1724-1:CNY28.60
    
●
相关链接 在五车中查询图书 在当当中查询图书 在豆瓣中查询图书


正题名:幻灭     索取号:I565.44/60         预约/预借

序号 登录号 条形码 馆藏地/架位号 状态 备注
1 496301   230016522   中心书库中库/打包BH0146/ [索取号:I565.44/60] 在馆    
2 496302   230016521   中心书库中库/打包BH0146/ [索取号:I565.44/60] 在馆    
3 496303   230016523   中心书库中库/打包BH0146/ [索取号:I565.44/60] 在馆    
4 496304   230016524   中心书库中库/打包BH0146/ [索取号:I565.44/60] 在馆    
5 496305   230016531   中心书库中库/打包BH0146/ [索取号:I565.44/60] 在馆    
山东省滨州职业学院图书馆 欢迎您!
大连网信软件有限公司© 版权所有